[Event "UKR Games (Men) 3rd"]
[Site "Evpatoria"]
[Date "2007.05.25"]
[Round "7"]
[White "Kobyliansky, Igor"]
[Black "Pilavov, Georgy"]
[Result "1/2-1/2"]
[WhiteElo "2397"]
[BlackElo "2537"]
[PlyCount "116"]
[EventDate "2007.05.21"]
[EventType "team"]
[EventRounds "7"]
[EventCountry "UKR"]
[SourceTitle "CBM 118 Extra"]
[Source "ChessBase"]
[SourceDate "2007.07.04"]
[SourceVersion "1"]
[SourceVersionDate "2007.07.04"]
[SourceQuality "1"]

1. e4 c5 2. Nf3 d6 3. d4 Nf6 4. Nc3 cxd4 5. Nxd4 Nc6 6. Bg5 Qa5 7. Bxf6 gxf6 8. Bb5 Bd7 9. Nb3 Qd8 10. Qh5 Rg8 11. 0-0-0 Bg4 12. Qd5 Bh6+ 13. Kb1 Bxd1 14. Rxd1 Rc8 15. Qh5 Bf8 16. g3 Rg5 17. Qxh7 Qb6 18. Qh3 e6 19. Nd4 Ke7 20. Bxc6 bxc6 21. f4 Rg8 22. Qf1 Bg7 23. Qc4 Rgd8 24. Re1 f5 25. Nb3 fxe4 26. Qxe4 Bxc3 27. bxc3 Rh8 28. f5 e5 29. Qg4 Rcg8 30. f6+ Kd8 31. Qc4 Rf8 32. Rd1 Kc7 33. h4 Rh6 34. Qg4 Rg6 35. Qf3 Rfg8 36. c4 Qb4 37. Qe3 Kb8 38. Qe4 Kb7 39. Qf5 Rd8 40. g4 Ka8 41. g5 Qxc4 42. Rxd6 Rgg8 43. Qxe5 Rxd6 44. Qxd6 Rb8 45. h5 a5 46. g6 a4 47. g7 Re8 48. Qf8 Qf1+ 49. Kb2 Qxf6+ 50. Kb1 Qd8 51. Qc5 axb3 52. Qxc6+ Kb8 53. Qb5+ Ka7 54. Qc5+ Kb7 55. axb3 Re6 56. Qb4+ Ka7 57. Qc5+ Kb7 58. Qb4+ Ka7 1/2-1/2

[Event "UKR-ch"]
[Site "Alushta"]
[Date "2002.05.08"]
[Round "6"]
[White "Drozdovskij, Yuri"]
[Black "Kobyliansky, Igor"]
[Result "1/2-1/2"]
[WhiteElo "2449"]
[BlackElo "2386"]
[PlyCount "65"]
[EventDate "2002.05.02"]
[EventType "swiss"]
[EventRounds "9"]
[EventCountry "UKR"]
[SourceTitle "EXT 2003"]
[Source "ChessBase"]
[SourceDate "2002.11.25"]
[SourceVersion "1"]
[SourceVersionDate "2002.11.25"]
[SourceQuality "1"]

1. d4 Nf6 2. c4 g6 3. Nc3 Bg7 4. Nf3 0-0 5. Bf4 d6 6. h3 c5 7. e3 Bf5 8. g4 cxd4 9. exd4 Be4 10. Bg2 d5 11. Qe2 Nc6 12. Rd1 Rc8 13. 0-0 e6 14. Nxe4 Nxe4 15. Ne5 Qa5 16. Nxc6 bxc6 17. a3 Qa6 18. Rfe1 Rfd8 19. c5 Qa4 20. Qe3 Rd7 21. Bxe4 dxe4 22. Bd6 Bf8 23. Be5 f5 24. f3 exf3 25. Qxf3 Qc4 26. Rc1 Qd5 27. Qxd5 Rxd5 28. Rc4 Kf7 29. Ra4 Rd7 30. Ra6 Be7 31. gxf5 exf5 32. b4 Bf6 33. b5 1/2-1/2

[Event "UKR-ch"]
[Site "Alushta"]
[Date "2002.05.06"]
[Round "4"]
[White "Fingerov, Dmitry"]
[Black "Kobyliansky, Igor"]
[Result "1/2-1/2"]
[WhiteElo "2410"]
[BlackElo "2386"]
[PlyCount "51"]
[EventDate "2002.05.02"]
[EventType "swiss"]
[EventRounds "9"]
[EventCountry "UKR"]
[SourceTitle "EXT 2003"]
[Source "ChessBase"]
[SourceDate "2002.11.25"]
[SourceVersion "1"]
[SourceVersionDate "2002.11.25"]
[SourceQuality "1"]

1. e4 c5 2. c3 d6 3. d4 Nf6 4. dxc5 Nc6 5. e5 Nxe5 6. cxd6 e6 7. Nf3 Bxd6 8. Nxe5 Bxe5 9. Qxd8+ Kxd8 10. Na3 Nd5 11. Nc4 Bc7 12. g3 Bd7 13. Bg2 Bc6 14. 0-0 Ke7 15. Re1 Rhd8 16. Ne5 Bxe5 17. Rxe5 Rac8 18. Re1 h6 19. Bf1 Rd7 20. a3 Ba4 21. Bd2 Bb3 22. Rac1 Rdc7 23. Re4 a6 24. f4 f5 25. Rd4 b5 26. Re1 1/2-1/2

[Event "UKR ol"]
[Site "Alushta"]
[Date "1999.??.??"]
[Round "?"]
[White "Kobyliansky, Igor"]
[Black "Bezman, Vadim"]
[Result "1-0"]
[WhiteElo "2370"]
[BlackElo "2405"]
[PlyCount "61"]
[EventDate "1999.05.12"]
[EventType "team"]
[EventRounds "11"]
[EventCountry "UKR"]
[SourceTitle "EXT 2001"]
[Source "ChessBase"]
[SourceDate "2000.11.22"]
[SourceVersion "1"]
[SourceVersionDate "2000.11.22"]
[SourceQuality "1"]

1. e4 e5 2. Nf3 Nc6 3. Bb5 a6 4. Ba4 Nf6 5. 0-0 b5 6. Bb3 Bb7 7. Qe2 Na5 8. Nc3 Nxb3 9. axb3 d6 10. d4 exd4 11. Nxd4 Be7 12. Nf5 0-0 13. Rd1 Nd7 14. Rd3 Bf6 15. Bd2 Re8 16. Rg3 Kh8 17. Qg4 Ne5 18. Qd1 Qd7 19. Bg5 Bxg5 20. Rxg5 g6 21. Ne3 f6 22. Rg3 Qf7 23. Ncd5 Rac8 24. Qd4 c6 25. Nc3 Qe6 26. Rd1 Rcd8 27. f4 Nf7 28. f5 gxf5 29. exf5 Qe5 30. Qh4 Ng5 31. Qh6 1-0

[Event "UKR ol"]
[Site "Alushta"]
[Date "1999.??.??"]
[Round "?"]
[White "Kobyliansky, Igor"]
[Black "Kushch, Nikolai"]
[Result "0-1"]
[WhiteElo "2370"]
[BlackElo "2375"]
[PlyCount "62"]
[EventDate "1999.05.12"]
[EventType "team"]
[EventRounds "11"]
[EventCountry "UKR"]
[SourceTitle "EXT 2001"]
[Source "ChessBase"]
[SourceDate "2000.11.22"]
[SourceVersion "1"]
[SourceVersionDate "2000.11.22"]
[SourceQuality "1"]

1. e4 c5 2. Nf3 e6 3. d4 cxd4 4. Nxd4 a6 5. Bd3 Nf6 6. 0-0 Qc7 7. Nc3 Nc6 8. Be3 b5 9. Nxc6 dxc6 10. a4 Bb7 11. f4 b4 12. e5 bxc3 13. exf6 cxb2 14. Rb1 c5 15. Rxb2 gxf6 16. Be2 Be4 17. Bf3 Qc6 18. a5 Bxf3 19. Rxf3 Rg8 20. Kf2 Be7 21. Qd3 f5 22. Qc4 h5 23. Bd2 Bd8 24. g3 h4 25. Bc3 Rg6 26. Be5 hxg3+ 27. hxg3 Rh6 28. Kg2 Bxa5 29. Ra2 0-0-0 30. c3 Rd1 31. Qb3 Rhh1 0-1

[Event "UKR ol"]
[Site "Alushta"]
[Date "1999.??.??"]
[Round "?"]
[White "Miroshnichenko, Evgenij"]
[Black "Kobyliansky, Igor"]
[Result "1/2-1/2"]
[WhiteElo "2500"]
[BlackElo "2370"]
[PlyCount "20"]
[EventDate "1999.05.12"]
[EventType "team"]
[EventRounds "11"]
[EventCountry "UKR"]
[SourceTitle "EXT 2001"]
[Source "ChessBase"]
[SourceDate "2000.11.22"]
[SourceVersion "1"]
[SourceVersionDate "2000.11.22"]
[SourceQuality "1"]

1. e4 c5 2. Nf3 d6 3. d4 cxd4 4. Nxd4 Nf6 5. Nc3 g6 6. Bg5 Bg7 7. f3 0-0 8. Qd2 Nc6 9. Nb3 Be6 10. 0-0-0 a5 1/2-1/2

[Event "UKR ol"]
[Site "Alushta"]
[Date "1999.??.??"]
[Round "?"]
[White "Moiseenko, Alexander"]
[Black "Kobyliansky, Igor"]
[Result "0-1"]
[WhiteElo "2419"]
[BlackElo "2370"]
[PlyCount "52"]
[EventDate "1999.05.12"]
[EventType "team"]
[EventRounds "11"]
[EventCountry "UKR"]
[SourceTitle "EXT 2001"]
[Source "ChessBase"]
[SourceDate "2000.11.22"]
[SourceVersion "1"]
[SourceVersionDate "2000.11.22"]
[SourceQuality "1"]

1. d4 Nf6 2. c4 g6 3. Nc3 Bg7 4. e4 d6 5. f3 0-0 6. Be3 a6 7. Qd2 c6 8. 0-0-0 Nbd7 9. Bh6 Bxh6 10. Qxh6 e5 11. Nge2 b5 12. h4 Qa5 13. h5 b4 14. Nb1 Qxa2 15. Ng3 exd4 16. Qg5 Re8 17. Nf5 Nc5 18. Qxf6 Bxf5 19. h6 Nb3+ 20. Kc2 Bxe4+ 21. fxe4 Na1+ 22. Kd3 Qb3+ 23. Nc3 Kf8 24. Rxa1 bxc3 25. Kxd4 cxb2 26. Qxd6+ Kg8 0-1